Vodafone - jeden z globálnych európskych šampiónov

Boj o nadvládu dvoch telekomunikačných koncernov Mannesmann a Vodafone nad európskym trhom.

Salvato in:
Dettagli Bibliografici
Autore principale: Takácsová, Zuzana
Natura: Capitolo di libro
Lingua:slovacco
Soggetti:
Tags: Aggiungi Tag
Nessun Tag, puoi essere il primo ad aggiungerne!!

MARC

LEADER 00000naa a2200000 4500
001 r040723
005 20230720102359.6
041 0 |a slo 
044 |a SK 
245 1 0 |a Vodafone - jeden z globálnych európskych šampiónov  |c Zuzana Takácsová 
520 |a Boj o nadvládu dvoch telekomunikačných koncernov Mannesmann a Vodafone nad európskym trhom. 
610 2 0 |a koncerny 
610 2 0 |a spoločnosti nadnárodné 
610 2 0 |a globalizácia hospodárstva 
610 2 0 |a konkurencia medzinárodná 
610 2 0 |a telekomunikácie 
610 2 0 |a Mannesmann 
610 2 0 |a Vodafone 
100 1 |a Takácsová, Zuzana